00325nam a2200121Ia 4500008004100000041000800041082001700049100001600066245004400082260003300126300003300159365001100192240624s9999 xx 000 0 und d aeng a658.4092 LEA aLEANNE SHEL aLEADERSHIP THE BARACK OBAMA WAY LESSONS c2010aNew DelhibMcGraw-Hill axxvii, : 274 : p. : cm. ; 23 cRSb20